000
00268nam a2200097Ia 4500
008
220204s9999 xx 000 0 und d
082
_a
677.181(410)
_b
SUR
245
0
_a
Survey into the market for coir matting in U K
260
_a
Ernakulam
_b
Coir Board
_c
1962
942
_c
BK
999
_c
23197
_d
23197